Top10 dictators - Statistics

General Stats
  • This quiz has been taken 17 times
  • The average score is 4 of 10
Answer Stats
Hint Answer % Correct
1 Hitler
92%
2 Stalin
92%
6 Mussolini
77%
5 Mao Zedong
46%
7 Pol pot
46%
3 Idi Amin
31%
4 Bashar
15%
10 Ceausescu
15%
8 Kim yong un
8%
9 Fanco
0%
No matching quizzes found
Score Distribution
Percent of People with Each Score
Percentile by Number Answered
Your Score History
You have not taken this quiz